[Event "MCR mladeze, Kouty 2018 - D10"]
[Site "Kouty nad Desnou"]
[Date "2018.03.12"]
[Round "3"]
[White "Zadrapova, Amalie"]
[Black "Sikorova, Jana"]
[Result "1-0"]
[WhiteElo "1141"]
[BlackElo "1295"]
[EventDate "2018.03.10"]

1. e4  c5  2. Nf3  e6
3. d4  cxd4  4. Nxd4
a6  5. Be2  Qc7
6. Be3  Nf6  7. Nd2  Be7
8. O-O  b5  9. Rc1
Bb7  10. Bd3  d6
11. c4  bxc4  12. Rxc4
Qd8  13. Qb3  Bxe4
14. Nxe4  Nxe4  15. Bxe4
d5  16. Bxd5  exd5
17. Rc3  Nd7  18. Nc6
Rb8  19. Qc2  Qc7
20. Nxb8  Qxb8  21. Rc8+
Qxc8  22. Qxc8+  Bd8
23. Re1  O-O  24. Qxd7
Ba5  25. Bd2  Bxd2
26. Re8  Bb4  27. a3
Rxe8  28. Qxe8+  Bf8
29. b4  d4  30. a4
d3  31. Kf1  d2
32. Ke2  d1=Q+  33. Kxd1  h6
34. b5  axb5  35. axb5
g6  36. b6  Kg7
37. Qxf8+  Kxf8  38. b7  Kg7
39. b8=Q Kh7 40. h4  Kg7  41. h5
gxh5  42. Qg3+  Kf6
43. Qf4+  Kg6  44. Kd2
f6  45. Kd3  Kg7
46. Ke4  Kg6  47. Qc7
Kg5  48. Qg3# 1-0

[Event "MCR mladeze, Kouty 2018 - D10"]
[Site "Kouty nad Desnou"]
[Date "2018.03.12"]
[Round "3"]
[White "Hetfleischova, Elen"]
[Black "Barteckova, Denisa"]
[Result "1-0"]
[WhiteElo "1250"]
[BlackElo "1091"]
[EventDate "2018.03.10"]

1. e4  e5  2. f4  Qh4+
3. g3  Qe7  4. Nf3
Nc6  5. fxe5  Nxe5
6. d4  Nxf3+  7. Qxf3
Nf6  8. e5  Ng8
9. Nc3  Qb4  10. Qd3  d6
11. a3  Qb6  12. Qb5+ Bd7
13. Qxb6  axb6  14. Bf4
f6  15. O-O-O  O-O-O
16. exd6  cxd6  17. Bg2
g5  18. Be3  Re8
19. Bf2  Nh6  20. Nd5
Bc6  21. Nxb6+  Kc7
22. d5  Bb5  23. Rde1
Bg7  24. Kd2  Ng4
25. Bd4  Rxe1  26. Rxe1
Ne5  27. Kc3  f5
28. a4  Bd7  29. Nxd7
Kxd7  30. Kb4  Kc7
31. Kb5  Rc8  32. a5
Ra8  33. b4  Bh6
34. Bxe5  dxe5  35. Rxe5
Ra6  36. Re6  Rxe6
37. dxe6  Bf8  38. c3
h5  39. a6  Be7
40. axb7 Kb8  41. Kc6  Bd8  42.
Kd7  Bc7  43. e7  Ka7
44. Kxc7  Ka6  45. b8=Q
f4  46. Qb6# 1-0

[Event "MCR mladeze, Kouty 2018 - D10"]
[Site "Kouty nad Desnou"]
[Date "2018.03.12"]
[Round "3"]
[White "Hrbkova, Johana"]
[Black "Filipova, Vanesa"]
[Result "1-0"]
[WhiteElo "1093"]
[BlackElo "1247"]
[EventDate "2018.03.10"]

1. e4  e6  2. Nc3  Bb4
3. Bc4  Nf6  4. d3
d5  5. e5  d4
6. exf6  dxc3  7. fxg7  cxb2+
8. Bd2  bxa1=Q  9. Qxa1
Bxd2+  10. Kxd2  Rg8
11. Nf3  Nc6  12. Re1
Bd7  13. Ke2  f6
14. Kf1  Nb4  15. Qb2
a5  16. Bxe6  Bb5
17. Bxg8+  Kd7  18. Be6+
Kc6  19. g8=Q  Bxd3+
20. Kg1  Qd6  21. Qxa8
Nxc2  22. Qaxb7+  Kc5
23. Qc3+  Bc4  24. Qxc4#
1-0

[Event "MCR mladeze, Kouty 2018 - D10"]
[Site "Kouty nad Desnou"]
[Date "2018.03.12"]
[Round "3"]
[White "Dobsa, Emma"]
[Black "Hladka, Leontyna"]
[Result "1-0"]
[WhiteElo "1195"]
[BlackElo "1078"]
[EventDate "2018.03.10"]

1. e4  e5  2. Nf3  Nc6
3. c3  Nf6  4. d4
exd4  5. e5  Nd5
6. cxd4  Nb6  7. Bd3
d5  8. exd6  Bxd6
9. O-O  Be6  10. Re1
Qd7  11. Nc3  O-O-O
12. Bb5  a6  13. d5
axb5  14. dxe6  fxe6
15. Nxb5  Nc4  16. Qa4
Nb6  17. Qb3  Rde8
18. Be3  Rhf8  19. Bxb6
cxb6  20. Rad1  Qf7
21. Nxd6+  Kb8  22. Nxf7
Rxf7  23. Qxb6  Rff8
24. Rd7  Nd8  25. Red1
h6  26. Rxd8+  Rxd8
27. Rxd8+  Rxd8  28. Qxd8+
Ka7  29. b4  e5
30. b5  b6  31. Qc7+  Ka8
32. Nxe5  g6  33. Nc6
g5  34. Qc8#  1-0

[Event "MCR mladeze, Kouty 2018 - D10"]
[Site "Kouty nad Desnou"]
[Date "2018.03.12"]
[Round "3"]
[White "Stavova, Marketa"]
[Black "Myskova, Veronika"]
[Result "1-0"]
[WhiteElo "1004"]
[BlackElo "1135"]
[EventDate "2018.03.10"]

1. e4  e5  2. Nf3  Nc6
3. Bc4  Bc5  4. O-O
Nf6  5. d3  O-O
6. Nc3  d6  7. h3  Be6
8. Bb3  Nh5  9. Bg5
f6  10. Be3  Nf4
11. Bxf4  exf4  12. d4
Bb4  13. Qd2  Bxc3
14. Qxc3  f5  15. exf5
Bxb3  16. Qxb3+  Kh8
17. Qd5  Qf6  18. Qb5
Rab8  19. d5  Qxf5
20. Rfe1  Ne5  21. Nd4
c6  22. dxc6  bxc6 23. Qa5
c5  24. Nxf5  Rxf5
25. Qxa7  Rbf8  26. f3
Rg5  27. Kf2  h6
28. Qe7  Rf6  29. Rg1
Ng6 30. Qc7  Kh7  31. Rad1
Rg3  32. Rxd6  Rxd6
33. Qxd6  Rg5  34. g4
h5  35. gxh5  Rxh5
36. Qxg6+  Kh8  37. Qxg7# 1-0

[Event "MCR mladeze, Kouty 2018 - D10"]
[Site "Kouty nad Desnou"]
[Date "2018.03.12"]
[Round "3"]
[White "Reznickova, Sibyla"]
[Black "Souralova, Jana"]
[Result "1-0"]
[WhiteElo "1101"]
[BlackElo "1016"]
[EventDate "2018.03.10"]

1. d4  d5  2. c4  e6
3. Nc3  Nf6  4. Bg5
Be7  5. e3  O-O
6. Bd3  Nbd7  7. Nf3  b6
8. O-O Bb7 9. cxd5  Nxd5  10. e4
Nxc3  11. bxc3  Bxg5
12. Nxg5  Qxg5  13. f4
Qg6  14. Rf3  f5
15. Rg3  Qh6  16. Qe2
Nf6  17. exf5  exf5
18. Bxf5  Qh5  19. Qe7
Qf7  20. Be6  Bd5
21. Bxf7+  Bxf7  22. Qxf6
Bg6  23. Qc6  Rf7
24. Qxa8+  Rf8  25. Qd5+
Rf7  26. Re1  h6
27. Rxg6  Kh7  1-0

[Event "MCR mladeze, Kouty 2018 - D10"]
[Site "Kouty nad Desnou"]
[Date "2018.03.12"]
[Round "3"]
[White "Hujerova, Melisa"]
[Black "Cinkova, Vicky"]
[Result "0-1"]
[WhiteElo "1000"]
[BlackElo "1100"]
[EventDate "2018.03.10"]

1. e4  c5  2. Bc4  Nf6
3. Nf3  Nxe4  4. d3
Nf6  5. Ng5  e6
6. O-O  d6  7. f4  g6
8. Re1  Bg7  9. Bd2
O-O  10. Nc3  Nc6
11. Re3  d5  12. Bb3
d4  13. Qf3  dxe3
14. Qh3  exd2  15. Nce4
h6  16. Nxf6+  Qxf6
17. Ne4  Qxb2  18. d4
Qxd4+  19. Kf1  Qxa1+
20. Ke2  d1=Q+  21. Kf2
Qad4+  22. Kg3 Qe3+ 23. Kh4
Qh5#  0-1

[Event "MCR mladeze, Kouty 2018 - D10"]
[Site "Kouty nad Desnou"]
[Date "2018.03.12"]
[Round "3"]
[White "Hosova, Stella"]
[Black "Pecova, Melisa"]
[Result "1-0"]
[WhiteElo "1100"]
[BlackElo "1000"]
[EventDate "2018.03.10"]

1. e4  e5  2. Nc3  Nf6
3. f4  Bc5  4. fxe5
Bf2+  5. Kxf2  Ng4+
6. Qxg4  d6  7. Qxg7
Ke7  8. Qf6+  Kd7
9. Qxf7+  Kc6  10. Bb5+
Kc5  11. Qd5+  Kb6
12. Na4+  Ka5  13. d4
c6  14. Bd2# 1-0

[Event "MCR mladeze, Kouty 2018 - D10"]
[Site "Kouty nad Desnou"]
[Date "2018.03.12"]
[Round "3"]
[White "Svrchokrylova, Ludmila"]
[Black "Micova, Barbora"]
[Result "0-1"]
[WhiteElo "1100"]
[BlackElo "1000"]
[EventDate "2018.03.10"]

1. e4  e5  2. Nf3  Nc6
3. Bc4  Nf6  4. Ng5
d5  5. exd5  Na5
6. b3  Bf5  7. d6
Nxc4 8. bxc4 Qxd6  9. c5  Qa6
10. d3  Bxc5  11. Nc3
O-O  12. Bb2  h6
13. Nd5  Qd6  14. Ne3
Bxe3  15. Qf3  Bxg5 16. Qxf5 Qc6
17. Bxe5  Qxc2  18. O-O
Rfd8  19. Rac1  Qxd3
20. Qxd3  Rxd3  21. Rc4
Rad8  22. h3  Rd1
23. Rxd1  Rxd1+  24. Kh2
Rb1  25. Rxc7  b5
26. Rc8+  Kh7  27. f4
Bh4 28. g3 Bxg3+  29. Kxg3 b4 30. a4
bxa3  31. f5  a2
32. Ra8  a1=Q 33. Bxa1  Rxa1
34. Rf8  a5  35. Rxf7
a4  36. Kf2  a3
37. Ke2  a2  38. Ra7  Rh1
39. Kd2  a1=Q 40. Rxa1  Rxa1 41.
Kc2 Rh1  42. Kc3  Rxh3+  43. Kc4
g6  44. fxg6+  Kxg6
45. Kc5  Re3  46. Kd6
h5  47. Kc5  h4
48. Kd4  Re8  49. Kc5  h3
50. Kc4 h2 51. Kc3  h1=Q  52.
Kd4  Rd8+  53. Ke5  Qd5+
54. Kf4  Nh5+  55. Ke3
Qf5  56. Ke2  Re8+
57. Kd2  Qd5+ 58. Kc3 Rc8+  59.
Kb4  Qb7+  60. Ka5  Ra8#
0-1

[Event "MCR mladeze, Kouty 2018 - D10"]
[Site "Kouty nad Desnou"]
[Date "2018.03.12"]
[Round "3"]
[White "Zamarska, Natalie"]
[Black "Veverkova, Dorota"]
[Result "0-1"]
[WhiteElo "1000"]
[BlackElo "1086"]
[EventDate "2018.03.10"]

1. e4  e5  2. Nf3  Nc6
3. Nc3  Nf6  4. Bc4
Bc5  5. O-O  d6
6. d3  Bg4  7. Bg5  Nd4
8. Nd5 Nxf3+ 9. gxf3  Bh3  10.
Re1  h6  11. Bh4  c6
12. Ne3  g5  13. Bg3
h5  14. Nf5  Bxf5
15. exf5  Qb6  16. h4
Rg8  17. Qd2  gxh4
18. Kg2  O-O-O  19. Bxf7
hxg3  20. Be6+  Kb8
21. Bxg8  Rxg8  22. fxg3
h4  23. Qh6  Rxg3+
24. Kh2  Bg1+  25. Rxg1
Qf2+  26. Rg2  Qxg2# 0-1

[Event "MCR mladeze, Kouty 2018 - D10"]
[Site "Kouty nad Desnou"]
[Date "2018.03.12"]
[Round "3"]
[White "Barteckova, Valerie"]
[Black "Stavova, Lucie"]
[Result "0-1"]
[WhiteElo "1080"]
[BlackElo "1000"]
[EventDate "2018.03.10"]

1. e4  e5  2. Nf3  Nc6
3. Nc3  Nf6  4. Bb5
a6  5. Bxc6  bxc6
6. Nxe5  Qe7  7. d4
d6  8. Nxc6  Qd7
9. Nb4  Be7  10. O-O
Bb7  11. a3  Bxe4
12. Re1  Bb7  13. Qd2
a5  14. Re2  O-O
15. Nd3  Qc6  16. f4
Rfe8  17. b4  axb4
18. Nxb4  Qd7  19. Bb2
Qg4  20. h3  Qg3
21. Qe1  Qxf4  22. Bc1
Qxd4+  23. Re3  d5
24. Bb2  Rad8  25. Ncxd5
Qa7  26. Nxc7  Rf8
27. Bxf6  Bxf6  28. Ra2
Bd4  29. Kf2  Qb8
30. Nb5  Qf4+  31. Ke2
Qxe3+  32. Kd1  Bc3+
33. Nd3  Bxe1  34. c3
Rxd3+  35. Kc2 Qd2+  36. Kb3
Qxc3+  37. Ka4 Qc4# 0-1

[Event "MCR mladeze, Kouty 2018 - D10"]
[Site "Kouty nad Desnou"]
[Date "2018.03.12"]
[Round "3"]
[White "Kubickova, Linda"]
[Black "Mrazova, Vendula"]
[Result "0-1"]
[WhiteElo "1000"]
[BlackElo "1100"]
[EventDate "2018.03.10"]

1. e4  e5  2. Nf3  Nc6
3. Bb5  a6  4. Bc4
Bc5  5. O-O  Nf6
6. Qe1  d6  7. a4
Bg4  8. Na3  Bxf3
9. gxf3  b5  10. a5
bxc4  11. Nxc4  Nh5
12. d3  Bb4  13. Qd1 Bc5
14. Qe2  Ng3  15. Qe1
Nxf1  16. Qxf1  Nd4
17. Ra2  Nxf3+  18. Kh1
Qh4 19. Be3 Qxh2#  0-1

[Event "MCR mladeze, Kouty 2018 - D10"]
[Site "Kouty nad Desnou"]
[Date "2018.03.12"]
[Round "3"]
[White "Archlebova, Stela"]
[Black "Kosarova, Eliska"]
[Result "1-0"]
[WhiteElo "1033"]
[BlackElo "1000"]
[EventDate "2018.03.10"]

1. e4  e5  2. Bc4  Bc5
3. Qh5  g6 4. Qxe5+ Be7  5. Qxh8
Bf6  6. Qxg8+ Ke7  7. Qxf7+
Kd6  8. e5+ Kxe5  9. Qd5+
Kf4  10. d3+  Kg4
11. Qf3+  Kh4  12. g3# 1-0

[Event "MCR mladeze, Kouty 2018 - D10"]
[Site "Kouty nad Desnou"]
[Date "2018.03.12"]
[Round "3"]
[White "Vojcakova, Anastazie"]
[Black "Barteckova, Nikol"]
[Result "1-0"]
[WhiteElo "1000"]
[BlackElo "1000"]
[EventDate "2018.03.10"]

1. d4  d5  2. Bf4  e6
3. e3  c6  4. Nf3
Nf6  5. Nc3  Bd6
6. Be5  Nfd7  7. Bxd6
b6  8. Bxb8  Rxb8
9. Bd3  O-O  10. O-O
Nf6  11. Ne5  b5
12. Nxc6  Qc7  13. Nxb8
Qxb8  14. Nxb5  a6
15. Nc3  Qb7  16. b3
Ne4  17. Nxe4  dxe4
18. Be2  Qc6  19. Rb1
a5  20. b4  axb4
21. Rxb4  Qd6  22. Rb5
Ba6  23. Rb3  Bc8
24. Rb5  Qe7  25. Rh5
Qf6  26. Bb5  e5
27. dxe5  Qb6  28. Bd7
Bxd7  29. Qxd7  Rd8
30. Qg4  Kf8  31. Rxh7
Ra8  32. Rh8+  Ke7
33. Rxa8  g6  34. Qxe4
f5  35. c3  fxe4
36. Rh8  Qa5  37. Rg8
Kf7  38. Rh8  Qxc3
39. h3  Qxe5  40. Rh7+
Kg8  41. Rb7  Qa5
42. Ra1  Qa6  43. Rb8+
Kf7  44. a4  Qa7
45. Rh8  Kg7  46. Rd8 Qa6
47. a5  Qf6  48. Rd7+
Kf8  49. Rb1  g5
50. Rb8+  Qd8  51. Rbxd8#
1-0

[Event "MCR mladeze, Kouty 2018 - D10"]
[Site "Kouty nad Desnou"]
[Date "2018.03.12"]
[Round "4"]
[White "Zadrapova, Amalie"]
[Black "Janouskova, Adela"]
[Result "0-1"]
[WhiteElo "1141"]
[BlackElo "1399"]
[EventDate "2018.03.10"]

1. e4  c5  2. Nf3  Nc6
3. d4  cxd4  4. Nxd4 g6 5. Nc3
Bg7  6. Be3  Nf6
7. Bc4  O-O  8. f3
Qb6  9. Bb3  Qc7
10. Qd2  d6  11. O-O-O
Bd7  12. h4  h5
13. g4  hxg4  14. fxg4  Bxg4
15. Rdg1  Bd7  16. Rxg6
Na5  17. Rg3  Nxb3+
18. Nxb3  Kh7  19. Rhg1
Rg8  20. Qg2  Bh6
21. Bxh6  Kxh6  22. Rg7
Ng4  23. Rxg8  Rxg8
24. Nd1  Qb6  25. c3 Kh7
26. Nd4  e5  27. Nf5
Bxf5  28. exf5  Nf6
29. Qd5  Nxd5  30. Rf1
Rg1  31. Rxg1  Qxg1
0-1

[Event "MCR mladeze, Kouty 2018 - D10"]
[Site "Kouty nad Desnou"]
[Date "2018.03.12"]
[Round "4"]
[White "Hrbkova, Johana"]
[Black "Hetfleischova, Elen"]
[Result "1-0"]
[WhiteElo "1093"]
[BlackElo "1250"]
[EventDate "2018.03.10"]

1. e4  d5  2. exd5  c6
3. Nf3  cxd5  4. d4
Nc6  5. Nc3  Nf6
6. Bf4  Bf5  7. Bd3
Ne4  8. Bxe4  Bxe4
9. O-O  e6  10. Ng5
Qf6  11. Ngxe4  Qxf4
12. Nc5  Qxd4  13. Qxd4
Nxd4 14. Nxb7  Rb8  15. Na5
Rxb2  16. Rfd1  Rxc2
17. Rxd4  Rxc3  18. Rb1
Bd6  19. Nb7  Bc7
20. Ra4  Bb6  21. h3
Kd7  22. Kf1  Rhc8
23. Na5  Rc1+  24. Rxc1
Rxc1+  25. Ke2  Rc2+
26. Kf1  Rxf2+  27. Ke1
Rxg2  28. Nb3  Kd6
29. Kf1  Rf2+  30. Ke1
Ke5  31. a3  d4
32. Kxf2  f5  33. Rb4  Ke4
34. Ke2  e5  35. a4
Kf4  36. a5  e4
37. axb6  axb6  38. Nxd4  g5
39. Rxb6  g4  40. hxg4
fxg4 41. Kf2  e3+  42. Kg2
h5  43. Rh6  Ke4
44. Ne2  Kd3  45. Nf4+
Ke4  46. Kg3  Kf5
47. Rxh5+  Ke4  48. Kxg4
Kd4  49. Kf3  e2
50. Nxe2+  Kc4  51. Ke3
Kb3  52. Kd4  Kc2
53. Ra5  Kb3  54. Rc5
Ka4  55. Kc4  Ka3
56. Rb5  1-0

[Event "MCR mladeze, Kouty 2018 - D10"]
[Site "Kouty nad Desnou"]
[Date "2018.03.12"]
[Round "4"]
[White "Sikorova, Jana"]
[Black "Hosova, Stella"]
[Result "1-0"]
[WhiteElo "1295"]
[BlackElo "1100"]
[EventDate "2018.03.10"]

1. d4  d5  2. Bf4  Nf6
3. e3  g6  4. Be2
Bg7  5. c4  O-O
6. Nd2  Nc6  7. Qb3  b6
8. Qb5  Bd7  9. Qb3
Na5  10. Qc3  dxc4
11. Bxc4  c5  12. Ngf3
b5  13. Bd3  b4
14. Qxc5  Nc6  15. O-O  Nh5
16. Bg3  Nxg3 17. hxg3 Bg4  18.
Qxc6  e6  19. Rac1  Qf6
20. Rc2  Bf5  21. Bxf5
Qxf5  22. Rfc1  Qh5
23. Qd7  Rfd8  24. Qb7
Rdb8  25. Qa6  Rf8
26. Rc8  h6  27. Rxf8+
Rxf8  28. Rc8  Rxc8
29. Qxc8+  Bf8  30. Ne4
Qf5  31. Qa8  a5
32. Nfd2  h5  33. Nc5
Kg7  34. Qxa5  Be7
35. Qxb4  h4  36. gxh4
Bxh4 37. Nde4 Kh6  38. a4  g5
39. Qb8  g4  40. Qf4+
Qxf4  41. exf4  f5
42. Ng3  1-0

[Event "MCR mladeze, Kouty 2018 - D10"]
[Site "Kouty nad Desnou"]
[Date "2018.03.12"]
[Round "4"]
[White "Filipova, Vanesa"]
[Black "Barteckova, Denisa"]
[Result "1/2-1/2"]
[WhiteElo "1247"]
[BlackElo "1091"]
[EventDate "2018.03.10"]

1. e4  e5  2. Nc3  Nf6
3. Bc4  Bb4  4. d3
Nc6  5. Bg5  h6
6. Be3  d5  7. a3  Bxc3+
8. bxc3  dxc4  9. dxc4
Qxd1+  10. Rxd1  Nxe4
11. Rd3  Bf5  12. Rd5
Nxc3  13. Rd2  Na5
14. f4  Nxc4  15. Rf2
Rd8  16. Bd2  Ne4
17. Re2  Ncxd2  18. fxe5
Rd5  19. Nh3  Rb5
20. Rxe4  Nxe4  21. Rf1
Rb1+  22. Ke2  Rxf1
23. Kxf1  Ke7  24. Ng1
Ke6  25. Nf3  g5
26. h3  h5  27. Ke2
g4  28. Nh4  Kxe5
29. c4  c6  30. a4
Nc3+  31. Kd2  Nxa4
32. Ke1  b5  33. cxb5
cxb5  34. Kd2  Rc8
35. hxg4  hxg4  36. Ke2
b4  37. Kf2  b3
38. g3  Rc2+  39. Ke3  b2
40. Ng6+  fxg6 1/2-1/2

[Event "MCR mladeze, Kouty 2018 - D10"]
[Site "Kouty nad Desnou"]
[Date "2018.03.12"]
[Round "4"]
[White "Veverkova, Dorota"]
[Black "Dobsa, Emma"]
[Result "0-1"]
[WhiteElo "1086"]
[BlackElo "1195"]
[EventDate "2018.03.10"]

1. e4  e5  2. Nf3  Nc6
3. d4  exd4  4. Bc4
Nf6  5. e5  d5
6. Bb5  Ne4  7. Nxd4  Bc5
8. Be3  O-O  9. O-O
Nxe5  10. f3  Nf6
11. f4  Nc6  12. Bxc6
bxc6  13. Nc3  Ng4
14. Qf3  Qf6  15. Rad1
Re8  16. Bf2  Nxf2
17. Qxf2  Bg4  18. Rd3
Rab8  19. b3  Rb4
20. Re1  Rxe1+ 21. Qxe1 Bxd4+
22. Kh1  Rb8  23. Ne2  Re8
24. Qd2  Rxe2  25. Qb4
Qe7  26. Qxe7  Rxe7
27. h3  Re1+  28. Kh2
Bg1+  29. Kg3  Bf5
30. Rc3  Re3+  31. Rxe3
Bxe3  32. Kf3  Bd4
33. Ke2  Bxc2  34. Kd2
Bb1  0-1

[Event "MCR mladeze, Kouty 2018 - D10"]
[Site "Kouty nad Desnou"]
[Date "2018.03.12"]
[Round "4"]
[White "Dudkova, Josefina"]
[Black "Stavova, Lucie"]
[Result "1-0"]
[WhiteElo "1182"]
[BlackElo "1000"]
[EventDate "2018.03.10"]

1. e4  e5  2. Nc3  Nc6
3. Bc4  Nf6  4. d3
Be7  5. Nge2  d6
6. O-O  O-O  7. f4
Bd7  8. Qe1  Nb4
9. Bb3  Ng4  10. Qg3
Nxc2  11. Bxc2  a5
12. f5  Ra6 13. Qxg4  Bf6
14. Nd5  Be7  15. Bh6
g5  16. Bxf8  Bxf8
17. h4  h6  18. hxg5
hxg5  19. Kf2  Rc6
20. Rac1  Qa8  21. Qxg5+
Bg7  22. Ne7+  Kf8
23. Nxc6  Bxc6  24. Bb3
Qa7+  25. Qe3  b6
26. Qh3  b5+  27. Kf3
Bf6  28. Qh5  Be8
29. Nc3  b4  30. Nd5
c6  31. Nxf6  Qa8
32. Nxe8  Qxe8  33. Rxc6
Qe7  34. Qh8#  1-0

[Event "MCR mladeze, Kouty 2018 - D10"]
[Site "Kouty nad Desnou"]
[Date "2018.03.12"]
[Round "4"]
[White "Vojcakova, Cecilie"]
[Black "Reznickova, Sibyla"]
[Result "0-1"]
[WhiteElo "1000"]
[BlackElo "1101"]
[EventDate "2018.03.10"]

1. d4  d5  2. Bf4  Nc6
3. e3  Nf6  4. Bb5
Bf5  5. Nf3  e6
6. O-O  Bd6  7. Nh4  Bg6
8. Nxg6  hxg6  9. Nc3
Qd7  10. Bxd6  cxd6
11. Bxc6  Qxc6  12. Qe2
O-O-O  13. Qb5  Qxb5
14. Nxb5  a6  15. Nc3
Rh6  16. Na4  Rdh8
17. h3  g5  18. Rad1
g4  19. Rfe1  gxh3
20. gxh3  Rxh3  21. Kf1
Ne4  22. Nc3  R8h6
23. Nxe4  dxe4  24. Kg2
Rf3 25. Rh1 Rhf6  26. Rh8+  Kd7
27. Rh3  Rxf2+ 28. Kg3 Rxc2  29.
b3  Rxa2  30. Rh2  Rg6+
31. Kf4  Rxh2  32. Kxe4
Rgh6  33. b4  g5
34. Rb1  g4  35. b5
a5  36. d5  g3
37. dxe6+  Kxe6  38. Ra1  g2 39.
b6 Rh1  40. Rxh1  gxh1=Q+  41.
Kf4  Rf6+  42. Kg5 Qg1+ 43. Kh5
Rf2  44. Kh6  Rh2# 0-1

[Event "MCR mladeze, Kouty 2018 - D10"]
[Site "Kouty nad Desnou"]
[Date "2018.03.12"]
[Round "4"]
[White "Cinkova, Vicky"]
[Black "Stavova, Marketa"]
[Result "1-0"]
[WhiteElo "1100"]
[BlackElo "1004"]
[EventDate "2018.03.10"]

1. e4  e5  2. f4  exf4
3. Nf3  Nf6  4. Nc3
Bc5  5. Bc4  O-O
6. d4  Bb4  7. O-O
Bxc3  8. bxc3  Nxe4
9. Qd3  Nf6  10. Bxf4
d5  11. Bb3  Re8
12. Rae1  Nc6  13. Bg5
Bd7  14. Bxd5  Be6
15. Be4  h6  16. Bxf6
Qxf6  17. Bh7+  Kf8
18. Ne5  Nxe5  19. dxe5
Qg5  20. Qf3  Re7
21. Qxb7  Rd8  22. Qxa7
Bh3  23. Qf2  Rd2
24. Re2  Rxe2  25. Qxe2
Rxe5  26. Qf3  Bxg2
27. Qxf7# 1-0

[Event "MCR mladeze, Kouty 2018 - D10"]
[Site "Kouty nad Desnou"]
[Date "2018.03.12"]
[Round "4"]
[White "Micova, Barbora"]
[Black "Barteckova, Valerie"]
[Result "0-1"]
[WhiteElo "1000"]
[BlackElo "1080"]
[EventDate "2018.03.10"]

1. e4  e5 2. Nf3  Nc6  3. Nc3
Nf6  4. Bb5  Bb4
5. d3  d6  6. Bg5
Bg4  7. O-O  Bxc3
8. bxc3  O-O  9. Re1
Re8  10. d4  a6
11. Ba4  b5  12. Bb3  Bxf3
13. Qxf3  exd4  14. cxd4
Nxd4  15. Qg3  a5
16. Bd5  Ra7  17. Bh6
g6  18. e5  Nxc2
19. exf6  Rxe1+  20. Rxe1
Nxe1  21. Qb3  Qxf6
22. Qe3  Qe5  23. Qxe5
dxe5  24. Be3  Nc2
25. Bxa7  Nb4  26. Bb3
a4  27. a3  axb3
28. axb4  b2  29. Kf1
b1=Q+  30. Ke2  Qxb4
0-1

[Event "MCR mladeze, Kouty 2018 - D10"]
[Site "Kouty nad Desnou"]
[Date "2018.03.12"]
[Round "4"]
[White "Myskova, Veronika"]
[Black "Souralova, Alena"]
[Result "1-0"]
[WhiteElo "1135"]
[BlackElo "1000"]
[EventDate "2018.03.10"]

1. e4  e5  2. Nf3  Nc6
3. Bc4  Bc5  4. b4
Bxb4  5. c3  Nf6 6. cxb4
O-O  7. Nc3  Qe7
8. b5  Na5  9. Bb3
d6  10. O-O  Bg4
11. h3  Bxf3  12. Qxf3
Nxb3  13. axb3  c6
14. bxc6  bxc6  15. Rb1
Nd7  16. d3  Qg5
17. Bxg5  Rab8  18. Qg3
Nc5  19. Bh6  g6
20. Qf3  Na6  21. Qf6
Rb7  22. Qg7#  1-0

[Event "MCR mladeze, Kouty 2018 - D10"]
[Site "Kouty nad Desnou"]
[Date "2018.03.12"]
[Round "4"]
[White "Mrazova, Vendula"]
[Black "Vojcakova, Anastazie"]
[Result "0-1"]
[WhiteElo "1100"]
[BlackElo "1000"]
[EventDate "2018.03.10"]

1. e4  Nf6  2. Nc3  d5
3. e5  Nfd7  4. Bb5
c6  5. Bd3  Nxe5
6. Bf1  Bf5  7. Nf3 Ng6 8. d4
e6  9. Bg5  f6
10. Be3  Bd6  11. Bd3  O-O
12. Bxf5  exf5  13. Qd3
f4  14. Bd2  Re8+
15. Ne2  Nd7  16. O-O-O
Qb6  17. g3  Bc7
18. gxf4  Qa6  19. Qxa6
bxa6  20. h4  Rxe2
21. Rhe1  Rxf2  22. Rf1
Rxf1  23. Rxf1  Nxf4
24. h5  Nxh5  25. Re1
Nf4  26. Re7  Rd8
27. Re2  Nxe2+  28. Kd1
Re8  29. c3  g5
30. Kc2  Nf4  31. Bxf4  Bxf4
0-1

[Event "MCR mladeze, Kouty 2018 - D10"]
[Site "Kouty nad Desnou"]
[Date "2018.03.12"]
[Round "4"]
[White "Souralova, Jana"]
[Black "Svrchokrylova, Ludmila"]
[Result "1-0"]
[WhiteElo "1016"]
[BlackElo "1100"]
[EventDate "2018.03.10"]

1. e4  e5  2. Nf3  Bc5
3. Nc3  Nf6  4. Be2
Ng4  5. O-O  Nc6
6. h3  Nf6  7. Nxe5
Nxe5  8. d4  Nc6
9. dxc5  d6  10. cxd6
Be6  11. dxc7  Qxc7
12. Bg5  Bd7  13. Bxf6
gxf6  14. Bg4  O-O-O
15. Nd5  Qa5  16. Nxf6
Be6  17. Qe2  Bxg4
18. Qxg4+  Kb8  19. Rad1
Rxd1  20. Rxd1  Qxa2
21. Nd7+  Kc7  22. Qg3+
Kc8  23. Ne5  Nb4
24. Qc3+  Kb8  25. Qxb4
a5  26. Qb6  Rc8
27. Rd7  Qb1+  28. Kh2
Rc7  29. Rxc7  f6
30. Qxb7#  1-0

[Event "MCR mladeze, Kouty 2018 - D10"]
[Site "Kouty nad Desnou"]
[Date "2018.03.12"]
[Round "4"]
[White "Hladka, Leontyna"]
[Black "Hujerova, Melisa"]
[Result "1-0"]
[WhiteElo "1078"]
[BlackElo "1000"]
[EventDate "2018.03.10"]

1. e4  e5  2. Nf3  Nf6
3. Nxe5  Nxe4  4. Nf3
Bc5  5. d4  Bb6
6. Bd3  Qe7  7. Be3  Ba5+
8. c3  O-O  9. O-O
g5  10. Nbd2  Nxd2
11. Qxd2  g4  12. Ne1
a6  13. Qd1  Nc6
14. Qxg4+  Kh8  15. Bh6
Rg8  16. Qf3  d6
17. Bc2  Bg4  18. Qd3
Rg6  19. Bf4  Bb6
20. Nf3  Rag8  21. Rfe1
Qd7  22. Bg3  Rh6
23. Bf4  Rhg6  24. Nh4
Bf5  25. Nxg6+  Bxg6
26. Qd2  Bxc2  27. Qxc2
Qg4  28. g3  f5
29. Qe2  Qh3  30. Qf1  Qh5
31. Qd3  Rg6  32. Re8+
Rg8  33. Rxg8+  Kxg8
34. Re1  Ba7  35. Qe3
b5 36. Qe8+ Qxe8 37. Rxe8+ Kf7  38. Re2
a5  39. h3  b4
40. g4  fxg4  41. hxg4  bxc3 42.
bxc3 a4  43. a3  Bb6  44. Kg2
Ba5  45. g5  Bxc3 46. Rc2 Bxd4
47. Rxc6 Bb2  48. Rxc7+  Ke8  49.
Ra7  d5  50. Rxa4  d4
51. Ra7  d3  52. Kf1
Bc3  53. a4  d2
54. Ke2  h5  55. Bxd2  Be5 56.
Rh7  h4  57. g6  Bf6
58. g7  Kf7  59. a5
h3 60. Bf4 Ke6  61. g8=Q+  Kf5
62. Rh5+  Kxf4  63. Qb8+
Kg4  64. Rb5  Bg5
65. f3+  Kh4  66. Rxg5
Kxg5  67. a6  h2
68. Qxh2  Kf5 69. a7  Kg6
70. a8=R Kg5 71. Rf8 Kg6  72. Qg3+
Kh7  73. Rf4  Kh6
74. Rh4#  1-0